الغريب في عالم الحيوان / (Record no. 81012)

MARC details
000 -LEADER
fixed length control field 00652nam a22002177a 4500
005 - DATE AND TIME OF LATEST TRANSACTION
control field 20251108172512.0
008 - FIXED-LENGTH DATA ELEMENTS--GENERAL INFORMATION
fixed length control field 250721s1992 xx 000 0 ara d
082 14 - DEWEY DECIMAL CLASSIFICATION NUMBER
Classification number ط/591/لمو
100 1# - MAIN ENTRY--PERSONAL NAME
Personal name لمون، روبرت
Relator term مؤلف
245 10 - TITLE STATEMENT
Title الغريب في عالم الحيوان /
250 ## - EDITION STATEMENT
Edition statement ط7. محدثة
264 1# - PRODUCTION, PUBLICATION, DISTRIBUTION, MANUFACTURE, AND COPYRIGHT NOTICE
Place of production, publication, distribution, manufacture القاهرة :
Name of producer, publisher, distributor, manufacturer دار المعارف،
Date of production, publication, distribution, manufacture, or copyright notice 1992.
300 ## - PHYSICAL DESCRIPTION
Extent 119ص.
490 0# - SERIES STATEMENT
Series statement كل شىء عن
Volume/sequential designation 7.
650 17 - SUBJECT ADDED ENTRY--TOPICAL TERM
Topical term or geographic name as entry element الحيوانات
650 17 - SUBJECT ADDED ENTRY--TOPICAL TERM
Topical term or geographic name as entry element علم الحيوان
653 ## - INDEX TERM--UNCONTROLLED
Uncontrolled term ناشئون صغار (10-14) سنة
700 1# - ADDED ENTRY--PERSONAL NAME
Personal name عطا، كامل
Relator term مترجم
942 ## - ADDED ENTRY ELEMENTS (KOHA)
Source of classification or shelving scheme Dewey Decimal Classification
Koha item type Books
Holdings
حالة السحب حالة الفقدان مصدر التصنيف حالة التلف غير قابل للإعارة المكتبة الرئيسية المكتبة الحالية موقع الرف تاريخ التزويد الرقم المتسلسل Total Checkouts رقم الإستدعاء الباركود تاريخ آخر ظهور تاريخ الفاتورة نوع المادة (كوها)
    Dewey Decimal Classification   Not For Loan المكتبة المركزية المكتبة المركزية لا يعار 13/07/2004 910677   ط/591/لمو 910677 28/07/2025 13/07/2004 Books
    Dewey Decimal Classification     المكتبة المركزية المكتبة المركزية مقتنيات قسم التزويد 28/07/2025 1765586   ط/591/لمو   28/07/2025 28/07/2025 Books
    Dewey Decimal Classification     مكتبة الأميرة ايمان العامة مكتبة الأميرة ايمان العامة الأطفال 07/12/2013 [359258   ط/591/لمو PLD00289840 28/07/2025 07/12/2013 Books
    Dewey Decimal Classification     مكتبة الحسن العامة مكتبة الحسن العامة الأطفال 21/10/2018 35972   ط/591/لمو PLD00436036 28/07/2025 21/10/2018 Books
Implemented & Customized by: BBB with SCIT (Smart Chains for Information Technology)

Powered by Koha